| 000 | 00446nam a2200157 i 4500 | ||
|---|---|---|---|
| 001 | 26309 | ||
| 003 | ES-MaACL | ||
| 005 | 20230906153423.0 | ||
| 007 | t| | ||
| 008 | 030108s1969 sp ||||1| baq d | ||
| 245 | 0 | 0 |
_aAlkartu danok _b: mezaren egunerokoa eta beste eliz-abesti batzuk. |
| 260 |
_aBilbao : _bEuskerazaleak, _c1969. |
||
| 300 |
_a56 p. ; _c17 cm. |
||
| 650 | 4 |
_aCantos religiosos. _9144783 |
|
| 852 |
_aES-MaACL _j2064-F-21 _bR.72367 |
||
| 999 |
_c26309 _d26309 |
||